00431nam a2200181Ia 450000500170000000800410001702000150005808200210007324500250009426000380011930000170015765000110017465000080018565000100019365000130020365000170021670000160023320250115055408.0240331s9999 xx 000 0 und d a041506127X bTER23730a305.3 0aGendered Anthropolgy aLondonaNew YorkbRoutledgec1993 axii, 227 p., aGender aSex aWomen aPolitics aAnthropology aValle, D. T